| 000 | 00670nmc a2200265 a 4500 | ||
|---|---|---|---|
| 003 | AR-BaBNM | ||
| 005 | 20251128205312.0 | ||
| 008 | 147019s1997 ||||||||||||||000 | spa|| | ||
| 020 | _a850-843-232-2 | ||
| 040 | _cAR-BaBNM | ||
| 100 | 1 | _aCicco, Alfredo A. de | |
| 245 | 1 | 0 | _aPrimavera en Hiparco |
| 260 |
_aBuenos Aires _bVinciguerra _c1997 |
||
| 300 | 0 | _a91 p. | |
| 490 | 0 | _aColección Metáfora | |
| 650 | 4 | _aLITERATURA ARGENTINA | |
| 650 | 4 | _aLITERATURA CONTEMPORANEA | |
| 650 | 4 | _aPOESIA | |
| 650 | 4 | _aMITOLOGIA | |
| 653 | 0 | _aINFLUENCIA CLASICA | |
| 655 | _aLITERATURA | ||
| 800 | 1 |
_aVinciguerra, Lidia _edirector |
|
| 942 | _cBK | ||
| 998 | _cMARTIN | ||
| 999 |
_c10831 _d10831 |
||